000 00771nam a22002777a 4500
999 _c310029
_d310029
001 23772
003 UA-OsUOA
005 20190816105151.0
007 ta
008 20040128b un ||||| |||| 00| 0 ukr d
020 _a 966-00-0576-8
040 _aUA-OsUOA
_bukr
_cUA-OsUOA
_dUA-OsUOA
041 _aukr
044 _aUA
080 _a347:330.33(075.8)
090 _a347:330.33(075.8)
_bК21
100 _4Карлін М.І.
245 _aПравові основи підприємництва
_bНавчальний посібник
260 _aКиїв
_bНаукова думка
_c2000
300 _a188 с.
650 7 _2UDC
942 _cBK
_2udc
955 _a1